[Event "11. Abierto de la Constitucion"]
[Site "S.S. de los Reyes ESP"]
[Date "2009.12.01"]
[Round "2.15"]
[White "Peñalba Blasco, Alvaro"]
[Black "Mansilla Tolosa, Luis E"]
[Result "0-1"]
[WhiteElo "1769"]
[BlackElo "2099"]
[PlyCount "72"]
[EventDate "2009.11.30"]
[EventType "swiss"]
[EventRounds "9"]
[EventCountry "ESP"]
[Source "lmi"]
[SourceDate "2009.11.30"]

1. d4 Nf6 2. Nf3 e6 3. c4 b6 4. Nc3 Bb7 5. e3 Be7 6. Bd3 d5 7. O-O Nbd7 8. cxd5
exd5 9. Qa4 O-O 10. b4 a6 11. Qb3 Bd6 12. b5 Qe7 13. bxa6 Bxa6 14. Bxa6 Rxa6
15. Nxd5 Nxd5 16. Qxd5 Ra5 17. Qc4 Rfa8 18. Bd2 Ra4 19. Qc2 Nf6 20. Ne5 Bxe5
21. dxe5 Qxe5 22. Bc3 Qc5 23. Rfd1 Rc4 24. Rd3 Nd5 25. Rc1 Nb4 26. Qd1 Nxd3 27.
Qxd3 Rxa2 28. g3 Ra8 29. Rc2 Qc6 30. Rd2 Rxc3 31. Qd8+ Qe8 32. Qd4 Rc6 33. Qh4
Rd6 34. Rb2 Qc6 35. Rb1 Rad8 36. h3 Rd1+ 0-1

[Event "11. Abierto de la Constitucion"]
[Site "S.S. de los Reyes ESP"]
[Date "2009.12.01"]
[Round "2.16"]
[White "Kalynovsky, Martin"]
[Black "Sanchez Delgado, Lidia"]
[Result "0-1"]
[WhiteElo "1601"]
[BlackElo "2020"]
[PlyCount "62"]
[EventDate "2009.11.30"]
[EventType "swiss"]
[EventRounds "9"]
[EventCountry "ESP"]
[Source "lmi"]
[SourceDate "2009.11.30"]

1. e4 c5 2. d4 cxd4 3. c3 dxc3 4. Nxc3 Nc6 5. Bc4 e6 6. Nf3 d6 7. O-O Be7 8.
Qe2 a6 9. Rd1 Qc7 10. Bf4 Nf6 11. e5 dxe5 12. Bxe5 Nxe5 13. Nxe5 O-O 14. Rd2 b5
15. Bb3 Bd6 16. Nf3 Bf4 17. Rc2 Qb6 18. Ne4 Nd5 19. Rd1 Bb7 20. Nc5 Nb4 21. Rc3
Rfd8 22. Nd7 Qa7 23. g3 Bh6 24. Nfe5 Bd5 25. Bxd5 Nxd5 26. Rc6 Rxd7 27. Nxd7
Qxd7 28. Qc2 Qb7 29. a3 Bg5 30. h4 Bf6 31. Rd3 Bxb2 0-1

[Event "11. Abierto de la Constitucion"]
[Site "S.S. de los Reyes ESP"]
[Date "2009.12.02"]
[Round "3.1"]
[White "Barria Zuñiga, Daniel"]
[Black "Madina Yadarola, Martin"]
[Result "1-0"]
[WhiteElo "2429"]
[BlackElo "2265"]
[PlyCount "67"]
[EventDate "2009.11.30"]
[EventType "swiss"]
[EventRounds "9"]
[EventCountry "ESP"]
[Source "lmi"]
[SourceDate "2009.11.30"]

1. d4 Nf6 2. c4 g6 3. Nc3 Bg7 4. e4 d6 5. Be2 O-O 6. Nf3 e5 7. O-O Nc6 8. d5
Ne7 9. Nd2 c6 10. b4 Ne8 11. Qb3 Kh8 12. Rd1 f5 13. c5 cxd5 14. exd5 a5 15. Nc4
axb4 16. Qxb4 dxc5 17. Qxc5 e4 18. Nb6 Qd6 19. Qxd6 Nxd6 20. Nxa8 Bxc3 21. Bg5
Bf6 22. Bxf6+ Rxf6 23. Rac1 f4 24. Rc7 Ng8 25. Nb6 Bf5 26. g4 f3 27. Bxf3 exf3
28. gxf5 Rxf5 29. Nc4 Ne4 30. Rd3 Ng5 31. d6 Re5 32. h4 Ne6 33. d7 Re1+ 34. Kh2
1-0

[Event "11. Abierto de la Constitucion"]
[Site "S.S. de los Reyes ESP"]
[Date "2009.12.02"]
[Round "3.2"]
[White "Candela Perez, Jose"]
[Black "Semprun Martinez, Fernando"]
[Result "1-0"]
[WhiteElo "2416"]
[BlackElo "2170"]
[PlyCount "43"]
[EventDate "2009.11.30"]
[EventType "swiss"]
[EventRounds "9"]
[EventCountry "ESP"]
[Source "lmi"]
[SourceDate "2009.11.30"]

1. d4 d5 2. c4 c6 3. Nf3 Nf6 4. Nc3 dxc4 5. a4 Bf5 6. e3 e6 7. Bxc4 Bb4 8. O-O
O-O 9. Nh4 Bg4 10. f3 Nd5 11. Qe1 Be7 12. fxg4 Bxh4 13. Qe2 Nd7 14. e4 Nb4 15.
Be3 Bg5 16. Bf2 a5 17. Rad1 Bf4 18. h4 Qc7 19. e5 Nxe5 20. dxe5 Bxe5 21. g5 Nd5
22. Ne4 1-0

[Event "11. Abierto de la Constitucion"]
[Site "S.S. de los Reyes ESP"]
[Date "2009.12.02"]
[Round "3.3"]
[White "Hernando Pertierra, Jose C"]
[Black "Berzal Llorente, Jorge"]
[Result "1-0"]
[WhiteElo "2374"]
[BlackElo "2122"]
[PlyCount "61"]
[EventDate "2009.11.30"]
[EventType "swiss"]
[EventRounds "9"]
[EventCountry "ESP"]
[Source "lmi"]
[SourceDate "2009.11.30"]

1. c4 Nf6 2. Nc3 g6 3. g3 d5 4. cxd5 Nxd5 5. Bg2 Nxc3 6. bxc3 Bg7 7. Rb1 c6 8.
Nf3 O-O 9. h4 h6 10. Qc2 e5 11. d3 Nd7 12. Nd2 f5 13. Qb3+ Kh7 14. Ba3 Rf6 15.
Nc4 Qc7 16. h5 Nb6 17. hxg6+ Kxg6 18. Nd2 Be6 19. c4 Rd8 20. Bb2 Rf7 21. Bc3
Nc8 22. Qb2 Re7 23. Nf3 e4 24. Bxg7 Rxg7 25. dxe4 Qa5+ 26. Kf1 Nd6 27. exf5+
Nxf5 28. Nh4+ Nxh4 29. Rxh4 Rd2 30. Be4+ Kf7 31. Qxb7+ 1-0

[Event "11. Abierto de la Constitucion"]
[Site "S.S. de los Reyes ESP"]
[Date "2009.12.02"]
[Round "3.4"]
[White "Ortega Ruiz, Jose Miguel"]
[Black "Taboas Rodriguez, Daniel"]
[Result "0-1"]
[WhiteElo "2326"]
[BlackElo "2359"]
[PlyCount "104"]
[EventDate "2009.11.30"]
[EventType "swiss"]
[EventRounds "9"]
[EventCountry "ESP"]
[Source "lmi"]
[SourceDate "2009.11.30"]

1. d4 Nf6 2. c4 g6 3. Nc3 Bg7 4. e4 d6 5. Nf3 O-O 6. Be2 Na6 7. Be3 e5 8. d5
Ng4 9. Bg5 f6 10. Bh4 g5 11. Bg3 Nh6 12. h4 g4 13. Nh2 Qd7 14. O-O f5 15. exf5
Qxf5 16. Bd3 Qh5 17. f3 gxf3 18. Rxf3 Rxf3 19. Qxf3 Qxf3 20. Nxf3 Nc5 21. Bc2
Bf5 22. Bxf5 Nxf5 23. Bf2 e4 24. Bxc5 exf3 25. Bf2 fxg2 26. Nb5 a6 27. Nxc7 Rc8
28. Ne6 Rxc4 29. Kxg2 Bxb2 30. Rb1 Rc2 31. Kf3 b5 32. Rg1+ Kf7 33. Rg5 Ng7 34.
Nd8+ Kf6 35. Nc6 Nf5 36. Rg8 Rc3+ 37. Ke2 Rc4 38. Rf8+ Kg6 39. Rg8+ Kf7 40. Ra8
Ra4 41. Ra7+ Kg6 42. h5+ Kxh5 43. Rxh7+ Kg6 44. Ra7 Bf6 45. Bb6 Rxa2+ 46. Kd3
Ra3+ 47. Kc2 Bc3 48. Nb8 a5 49. Nc6 a4 50. Rb7 b4 51. Ba7 Ra2+ 52. Kd3 Rb2 0-1

[Event "11. Abierto de la Constitucion"]
[Site "S.S. de los Reyes ESP"]
[Date "2009.12.02"]
[Round "3.5"]
[White "Barez Menendez, Hector"]
[Black "Roa Alonso, Santiago"]
[Result "0-1"]
[WhiteElo "2144"]
[BlackElo "2412"]
[PlyCount "92"]
[EventDate "2009.11.30"]
[EventType "swiss"]
[EventRounds "9"]
[EventCountry "ESP"]
[Source "lmi"]
[SourceDate "2009.11.30"]

1. Nf3 c5 2. e3 Nf6 3. d4 e6 4. Bd3 d5 5. b3 Nc6 6. O-O Be7 7. Bb2 O-O 8. Nbd2
b6 9. Ne5 Bb7 10. Nxc6 Bxc6 11. Nf3 Nd7 12. c4 Rc8 13. Qe2 Qc7 14. Rac1 Qb8 15.
cxd5 exd5 16. Rfd1 Qd6 17. Ba6 Rcd8 18. Bb5 Bb7 19. Ba3 Rc8 20. Ba6 Qb8 21.
dxc5 bxc5 22. Bxb7 Qxb7 23. Qd3 Nf6 24. Bb2 Rfd8 25. Qe2 Ne4 26. h3 Bf6 27.
Bxf6 Nxf6 28. Ne5 h6 29. Rc2 Re8 30. Ng4 Ne4 31. Qd3 Qe7 32. Rdc1 h5 33. Nh2
Red8 34. Qb5 Rd6 35. Nf3 Rf6 36. b4 Rb6 37. Qd3 Rxb4 38. Qxd5 g6 39. Nd4 Rb6
40. Nb3 Rd8 41. Qc4 Rbd6 42. Qe2 Rd5 43. f3 Ng3 44. Qe1 h4 45. Rxc5 Rxc5 46.
Rxc5 Qxe3+ 0-1

[Event "11. Abierto de la Constitucion"]
[Site "S.S. de los Reyes ESP"]
[Date "2009.12.02"]
[Round "3.6"]
[White "Gemy Vargas, Jose Daniel"]
[Black "Esquivias Gomez, Fco. Javier"]
[Result "1-0"]
[WhiteElo "2187"]
[BlackElo "2004"]
[PlyCount "43"]
[EventDate "2009.11.30"]
[EventType "swiss"]
[EventRounds "9"]
[EventCountry "ESP"]
[Source "lmi"]
[SourceDate "2009.11.30"]

1. d4 f5 2. c4 g6 3. Nc3 Nf6 4. Bg5 Bg7 5. h4 h6 6. Bxf6 Bxf6 7. h5 g5 8. e3 e6
9. Bd3 O-O 10. g4 c5 11. d5 Bxc3+ 12. bxc3 fxg4 13. Qxg4 Qf6 14. Ne2 Qxf2+ 15.
Kd2 Qf3 16. Qxf3 Rxf3 17. Raf1 Rxf1 18. Rxf1 Kg7 19. Bg6 b5 20. Rf7+ Kg8 21.
Ng3 exd5 22. Nf5 1-0

[Event "11. Abierto de la Constitucion"]
[Site "S.S. de los Reyes ESP"]
[Date "2009.12.02"]
[Round "3.7"]
[White "Suarez Uriel, Adrian"]
[Black "Vidaurre Vargas, Luis Alberto"]
[Result "0-1"]
[WhiteElo "2119"]
[BlackElo "1879"]
[PlyCount "68"]
[EventDate "2009.11.30"]
[EventType "swiss"]
[EventRounds "9"]
[EventCountry "ESP"]
[Source "lmi"]
[SourceDate "2009.11.30"]

1. e4 c5 2. Nf3 Nc6 3. d4 cxd4 4. Nxd4 d6 5. Nc3 Nf6 6. Bc4 g6 7. O-O Bg7 8.
Re1 Nxd4 9. Qxd4 O-O 10. Bg5 Bd7 11. Qd2 Re8 12. Rad1 Rc8 13. Bb3 Bc6 14. Nd5
Bxd5 15. exd5 b5 16. Qb4 Rb8 17. Re3 a5 18. Qh4 a4 19. Rh3 h5 20. Qf4 axb3 21.
axb3 Qd7 22. f3 e5 23. Qe3 Qf5 24. Bh6 Bxh6 25. Qxh6 Qf4 26. Qxf4 exf4 27. Kf2
Rbc8 28. c3 Rc5 29. Rd4 Rxd5 30. Rxf4 Rd2+ 31. Kg3 Kg7 32. Rb4 Ree2 33. Rxb5
Rxg2+ 34. Kh4 Nd5 0-1

[Event "11. Abierto de la Constitucion"]
[Site "S.S. de los Reyes ESP"]
[Date "2009.12.02"]
[Round "3.8"]
[White "Muñoz Muñoz, Pablo"]
[Black "Nieto Esteban, Manuel"]
[Result "1-0"]
[WhiteElo "2027"]
[BlackElo "1801"]
[PlyCount "123"]
[EventDate "2009.11.30"]
[EventType "swiss"]
[EventRounds "9"]
[EventCountry "ESP"]
[Source "lmi"]
[SourceDate "2009.11.30"]

1. e4 c5 2. Nf3 Nc6 3. d4 cxd4 4. Nxd4 Nf6 5. Nc3 g6 6. Be3 Bg7 7. Be2 d6 8.
O-O O-O 9. f4 Qb6 10. Qd2 Nxe4 11. Nxe4 Bxd4 12. Bxd4 Qxd4+ 13. Qxd4 Nxd4 14.
Bd3 Bd7 15. c3 Bb5 16. Bxb5 Nxb5 17. f5 d5 18. a4 Nc7 19. Nc5 b6 20. Nd7 Rfd8
21. Ne5 Rf8 22. Nc6 e6 23. fxe6 Nxe6 24. Rad1 Kg7 25. Rxd5 Nd8 26. Ne5 f5 27.
Rfd1 Kg8 28. Rd7 Re8 29. R1d5 Ne6 30. Nd3 Red8 31. Kf2 Rxd7 32. Rxd7 Rd8 33.
Rxd8+ Nxd8 34. Ke3 Kf7 35. Kd4 Ke6 36. Kc4 Kd6 37. Kb5 Kc7 38. Nb4 Ne6 39. Nd5+
Kb7 40. Nf6 Nf8 41. c4 a6+ 42. Kb4 Kc6 43. Kc3 h6 44. b4 a5 45. bxa5 bxa5 46.
Nd5 Kc5 47. Nf4 h5 48. h4 Kd6 49. Kd4 Kc6 50. g3 Kd6 51. c5+ Kc6 52. Kc4 Nd7
53. Nxg6 Nxc5 54. Ne7+ Kb6 55. Nxf5 Ne4 56. Kd4 Nc5 57. Ng7 Nxa4 58. Nxh5 Kb5
59. Nf4 Kb4 60. Nd3+ Kb3 61. h5 Nb6 62. h6 1-0

[Event "11. Abierto de la Constitucion"]
[Site "S.S. de los Reyes ESP"]
[Date "2009.12.02"]
[Round "3.9"]
[White "Cavalle Pulla, Daniel"]
[Black "Castejon Caballero, Natalia"]
[Result "0-1"]
[WhiteElo "1812"]
[BlackElo "2102"]
[PlyCount "88"]
[EventDate "2009.11.30"]
[EventType "swiss"]
[EventRounds "9"]
[EventCountry "ESP"]
[Source "lmi"]
[SourceDate "2009.11.30"]

1. e4 c5 2. Nf3 d6 3. c3 Nf6 4. Be2 g6 5. O-O Bg7 6. Bb5+ Nc6 7. Re1 Bd7 8. d4
cxd4 9. cxd4 O-O 10. Nc3 a6 11. Bf1 Bg4 12. Be3 Nd7 13. Be2 Qa5 14. h3 Bxf3 15.
Bxf3 Rac8 16. Qd2 b5 17. Rec1 Nb6 18. Be2 b4 19. Nd1 e5 20. d5 Nd4 21. Bxd4
exd4 22. a3 Rxc1 23. Rxc1 Nd7 24. axb4 Qd8 25. Bxa6 Qh4 26. Qe2 Ne5 27. Bd3 Bh6
28. Ra1 Re8 29. Bb5 Rc8 30. Kh2 f5 31. g3 Qxe4 32. Qxe4 fxe4 33. Kg2 Rb8 34.
Bc6 Rxb4 35. Ra8+ Kf7 36. Ra7+ Kf6 37. Rxh7 Bc1 38. Rb7 Rc4 39. Rb6 Ke7 40. g4
e3 41. fxe3 Rc2+ 42. Kg3 dxe3 43. Nxe3 Bxe3 44. b4 Bxb6 0-1

[Event "11. Abierto de la Constitucion"]
[Site "S.S. de los Reyes ESP"]
[Date "2009.12.02"]
[Round "3.10"]
[White "Almagro Llamas, Pablo"]
[Black "De La Orden Alcocer, Alejandro"]
[Result "1-0"]
[WhiteElo "2453"]
[BlackElo "1780"]
[PlyCount "61"]
[EventDate "2009.11.30"]
[EventType "swiss"]
[EventRounds "9"]
[EventCountry "ESP"]
[Source "lmi"]
[SourceDate "2009.11.30"]

1. e4 Nf6 2. e5 Nd5 3. d4 d6 4. c4 Nb6 5. exd6 exd6 6. Nf3 Be7 7. h3 d5 8. c5
N6d7 9. Nc3 Nf6 10. b4 O-O 11. Bd3 c6 12. O-O Nbd7 13. Bf4 Nh5 14. Bh2 g6 15.
Re1 Bf6 16. Qd2 Re8 17. Rxe8+ Qxe8 18. Re1 Qd8 19. Bd6 Nf8 20. g4 Qd7 21. gxh5
Qxh3 22. Qf4 Bg4 23. Nh2 Bf5 24. Re3 Qxh5 25. Bxf5 Bg5 26. Qf3 Qh4 27. Rd3 Re8
28. Bh3 Re1+ 29. Kg2 Ne6 30. Bxe6 Rxe6 31. Qg4 1-0

[Event "11. Abierto de la Constitucion"]
[Site "S.S. de los Reyes ESP"]
[Date "2009.12.02"]
[Round "3.11"]
[White "Elissalt Cardenas, Hector"]
[Black "Prieto Velasco, Rafael"]
[Result "1-0"]
[WhiteElo "2358"]
[BlackElo "1762"]
[PlyCount "67"]
[EventDate "2009.11.30"]
[EventType "swiss"]
[EventRounds "9"]
[EventCountry "ESP"]
[Source "lmi"]
[SourceDate "2009.11.30"]

1. d4 f5 2. g3 Nf6 3. Bg2 g6 4. Nh3 Bg7 5. c3 Nc6 6. Nf4 e5 7. dxe5 Nxe5 8. Nd2
g5 9. Nh3 Nf7 10. f4 g4 11. Nf2 d5 12. c4 O-O 13. O-O c6 14. Qb3 Re8 15. Re1 h5
16. cxd5 cxd5 17. Nf1 b6 18. Rd1 Be6 19. Qd3 Qc7 20. Be3 Rad8 21. Bd4 h4 22.
Rac1 Qe7 23. Rc2 Rd7 24. Rdc1 Nh8 25. Rc8 Red8 26. Qe3 Kf7 27. Nd3 Ng6 28. gxh4
Qf8 29. R8c6 Ne4 30. h5 Ne7 31. Bxg7 Qxg7 32. Ne5+ Kf6 33. Nxd7+ Rxd7 34. Qd4+
1-0

[Event "11. Abierto de la Constitucion"]
[Site "S.S. de los Reyes ESP"]
[Date "2009.12.02"]
[Round "3.12"]
[White "Quevedo Marin, Manuel"]
[Black "Martinez Miura, Enrique"]
[Result "1-0"]
[WhiteElo "2171"]
[BlackElo "1747"]
[PlyCount "75"]
[EventDate "2009.11.30"]
[EventType "swiss"]
[EventRounds "9"]
[EventCountry "ESP"]
[Source "lmi"]
[SourceDate "2009.11.30"]

1. d4 e6 2. e4 d5 3. Nc3 Nf6 4. e5 Nfd7 5. Nf3 c5 6. dxc5 Bxc5 7. Bd3 Nc6 8.
Bf4 Qb6 9. O-O Qxb2 10. Nb5 Ndxe5 11. Nxe5 Nxe5 12. Rb1 Nxd3 13. Rxb2 Nxb2 14.
Qb1 Nc4 15. Nc7+ Ke7 16. Nxa8 e5 17. Re1 Kd6 18. Bg3 b6 19. Rd1 Be6 20. Qb5 Na3
21. Qe2 f6 22. Kh1 Kc6 23. f4 Rxa8 24. fxe5 f5 25. c3 Nc4 26. Bf2 Bxf2 27. Qxf2
g5 28. Rd4 Rg8 29. Qe2 g4 30. Qd1 b5 31. Rxc4+ bxc4 32. Qa4+ Kc7 33. Qxa7+ Kd8
34. a4 g3 35. Qxh7 gxh2 36. a5 Rg4 37. Qh6 Kd7 38. Qf8 1-0

[Event "11. Abierto de la Constitucion"]
[Site "S.S. de los Reyes ESP"]
[Date "2009.12.02"]
[Round "3.13"]
[White "Orellana Illescas, Julio"]
[Black "Serrano Nuñez, Dario"]
[Result "1/2-1/2"]
[WhiteElo "1816"]
[BlackElo "1977"]
[PlyCount "39"]
[EventDate "2009.11.30"]
[EventType "swiss"]
[EventRounds "9"]
[EventCountry "ESP"]
[Source "lmi"]
[SourceDate "2009.11.30"]

1. e4 e5 2. Nf3 Nc6 3. Bb5 a6 4. Bxc6 dxc6 5. Nc3 Bd6 6. d4 exd4 7. Qxd4 f6 8.
Be3 Qe7 9. O-O-O Nh6 10. h3 Nf7 11. Rhe1 O-O 12. g4 Ne5 13. Nxe5 fxe5 14. Qd2
Bc5 15. Ne2 Be6 16. Ng3 g6 17. Bg5 Qf7 18. Bh6 Qxf2 19. Qc3 Bd4 20. Qa3 1/2-1/2

[Event "11. Abierto de la Constitucion"]
[Site "S.S. de los Reyes ESP"]
[Date "2009.12.02"]
[Round "3.14"]
[White "Lopez Galindo, Pablo"]
[Black "Cerrato Torrijos, Maria"]
[Result "0-1"]
[WhiteElo "1623"]
[BlackElo "1973"]
[PlyCount "136"]
[EventDate "2009.11.30"]
[EventType "swiss"]
[EventRounds "9"]
[EventCountry "ESP"]
[Source "lmi"]
[SourceDate "2009.11.30"]

1. e4 c5 2. Nf3 d6 3. c3 Nf6 4. h3 Nc6 5. Bd3 d5 6. exd5 Qxd5 7. Bc2 Bf5 8.
Bxf5 Qxf5 9. Qe2 Nd5 10. d3 e6 11. O-O Bd6 12. Qe4 Qh5 13. Na3 Rd8 14. Nc2 O-O
15. d4 Nf6 16. Qe2 Nd5 17. Qe4 cxd4 18. Ncxd4 Nf6 19. Qc2 Nxd4 20. Nxd4 e5 21.
Nf5 Bb8 22. Ng3 Qh4 23. Nf5 Qc4 24. Rd1 e4 25. Be3 Rxd1+ 26. Qxd1 Qb5 27. Ne7+
Kh8 28. Bd4 Re8 29. a4 Qg5 30. Bxf6 Qxf6 31. Nd5 Qe5 32. g3 Rd8 33. c4 e3 34.
Qe2 exf2+ 35. Qxf2 Qxg3+ 36. Qxg3 Bxg3 37. Kg2 Be5 38. Rb1 Rd6 39. b3 Rg6+ 40.
Kf3 Rg3+ 41. Ke4 f6 42. b4 Rxh3 43. Kf5 Rh4 44. c5 Rd4 45. Ne7 g6+ 46. Ke6 Kg7
47. a5 b6 48. Nd5 bxa5 49. bxa5 Rc4 50. Rb7+ Kh6 51. Rxa7 Rxc5 52. Nxf6 Bxf6
53. Kxf6 g5 54. a6 g4 55. Ra8 Rg5 56. Re8 Ra5 57. Rg8 Kh5 58. Rh8 Rxa6+ 59. Kf5
h6 60. Rg8 Ra5+ 61. Kf4 Ra4+ 62. Kg3 Ra3+ 63. Kf4 Rf3+ 64. Ke4 Kh4 65. Rd8 h5
66. Rd1 Rf2 67. Rh1+ Kg5 68. Rd1 g3 0-1

[Event "11. Abierto de la Constitucion"]
[Site "S.S. de los Reyes ESP"]
[Date "2009.12.02"]
[Round "3.15"]
[White "Iagar, Razvan-Gabriel"]
[Black "Rollano Carcajona, Ruben"]
[Result "1-0"]
[WhiteElo "1971"]
[BlackElo "1718"]
[PlyCount "81"]
[EventDate "2009.11.30"]
[EventType "swiss"]
[EventRounds "9"]
[EventCountry "ESP"]
[Source "lmi"]
[SourceDate "2009.11.30"]

1. d4 d5 2. c4 c6 3. cxd5 cxd5 4. Nc3 Nf6 5. Nf3 g6 6. Bf4 Bg7 7. e3 O-O 8. Rc1
Nh5 9. Be5 f6 10. Bxb8 Rxb8 11. Nxd5 f5 12. Nc3 Nf6 13. Bc4+ Kh8 14. Qb3 Qb6
15. Qxb6 axb6 16. Ng5 h6 17. Nf3 Bd7 18. Ne5 Be8 19. O-O Kh7 20. f3 Nd7 21.
Nxd7 Bxd7 22. Nd5 b5 23. Bb3 Be6 24. Rc7 Bxd5 25. Bxd5 e6 26. Bxb7 Kh8 27. f4
Rfd8 28. Rfc1 Bf8 29. Bc8 Bd6 30. R7c6 Ra8 31. Bxe6 Bb4 32. Kf2 Rd6 33. a3 Bd2
34. R1c2 Rxc6 35. Rxc6 Re8 36. Ke2 Bc1 37. Rxc1 Rxe6 38. Rc5 Rb6 39. Rc7 b4 40.
a4 Ra6 41. b3 1-0

[Event "11. Abierto de la Constitucion"]
[Site "S.S. de los Reyes ESP"]
[Date "2009.12.02"]
[Round "3.16"]
[White "Juberias Guillen, Paloma"]
[Black "Perez Cameselle, Francisco"]
[Result "1-0"]
[WhiteElo "1611"]
[BlackElo "1930"]
[PlyCount "61"]
[EventDate "2009.11.30"]
[EventType "swiss"]
[EventRounds "9"]
[EventCountry "ESP"]
[Source "lmi"]
[SourceDate "2009.11.30"]

1. d4 Nf6 2. c4 c5 3. d5 e6 4. Nc3 exd5 5. cxd5 d6 6. e4 g6 7. Bf4 a6 8. Nf3
Bg7 9. Bd3 O-O 10. O-O b5 11. Rc1 Re8 12. Re1 Nh5 13. Bg5 Qc7 14. a3 Nd7 15. h3
c4 16. Bb1 Nc5 17. b4 cxb3 18. g4 Nf6 19. e5 Nfd7 20. exd6 Rxe1+ 21. Qxe1 Qxd6
22. Qe8+ Qf8 23. Qe3 Bf6 24. Bh6 Qe7 25. Ne4 Nxe4 26. Bxe4 Ne5 27. d6 Nxf3+ 28.
Qxf3 Qxd6 29. Bxa8 Bd7 30. Qxb3 Be6 31. Rd1 1-0

[Event "11. Abierto de la Constitucion"]
[Site "S.S. de los Reyes ESP"]
[Date "2009.12.02"]
[Round "3.17"]
[White "Camarero Izquierdo, Juan Carlos"]
[Black "Garcia Lopez, Fernando"]
[Result "1-0"]
[WhiteElo "1930"]
[BlackElo "1658"]
[PlyCount "79"]
[EventDate "2009.11.30"]
[EventType "swiss"]
[EventRounds "9"]
[EventCountry "ESP"]
[Source "lmi"]
[SourceDate "2009.11.30"]

1. e4 e5 2. Nf3 Nc6 3. Bb5 a6 4. Ba4 Nf6 5. d3 b5 6. Bb3 Be7 7. Bd5 Bd6 8. Bg5
Rb8 9. Nc3 Nb4 10. a3 Nbxd5 11. Nxd5 c6 12. Bxf6 gxf6 13. Ne3 Bc5 14. Nf5 d5
15. N3h4 Bxf5 16. Nxf5 dxe4 17. O-O exd3 18. cxd3 Bf8 19. Qf3 Qd7 20. d4 Qd5
21. Qg3 Qe6 22. Qf3 Rg8 23. h4 Rg6 24. Rac1 Qd5 25. Qh3 c5 26. dxc5 Bxc5 27.
Rfd1 Qc6 28. b4 Bxf2+ 29. Kxf2 Qb6+ 30. Kf1 h5 31. Rd6 Qb7 32. Rcc6 Rg4 33. Qe3
Ra8 34. Qh6 Rg8 35. Qxf6 Rb8 36. Qxe5+ Kf8 37. Qe3 Ra8 38. Qh6+ Ke8 39. Qh7 Rf8
40. Qg7 1-0

[Event "11. Abierto de la Constitucion"]
[Site "S.S. de los Reyes ESP"]
[Date "2009.12.02"]
[Round "3.19"]
[White "Minguela Muñoz, Bienvenido"]
[Black "Jimenez Vera, Ruben"]
[Result "1-0"]
[WhiteElo "1904"]
[BlackElo "1554"]
[PlyCount "117"]
[EventDate "2009.11.30"]
[EventType "swiss"]
[EventRounds "9"]
[EventCountry "ESP"]
[Source "lmi"]
[SourceDate "2009.11.30"]

1. d4 Nf6 2. c4 e6 3. Nf3 Bb4+ 4. Bd2 Be7 5. Nc3 d5 6. e3 O-O 7. Rc1 c5 8. cxd5
Nxd5 9. Bd3 cxd4 10. Nxd4 e5 11. Qh5 Nf6 12. Qxe5 Re8 13. Ncb5 Nc6 14. Qf4 Nxd4
15. Qxd4 Qxd4 16. Nxd4 Bd7 17. O-O Rac8 18. Nf5 Bf8 19. Bc3 Ne4 20. Bxe4 Rxe4
21. Nd4 f5 22. Nf3 Bb5 23. Rfe1 Rg4 24. Bd4 Rxc1 25. Rxc1 Bc6 26. Ne1 Bb4 27.
f3 Rg6 28. Kf2 a6 29. Nd3 Bd6 30. Ne5 Bxe5 31. Bxe5 Re6 32. Bd4 Kf7 33. Rc5 g6
34. Kg3 h6 35. h4 b6 36. Rc3 Bd5 37. Rc7+ Re7 38. Rxe7+ Kxe7 39. b3 b5 40. Kf4
Kd6 41. g4 fxg4 42. Kxg4 Be6+ 43. Kf4 Kd5 44. Bg7 h5 45. Kg5 Bf7 46. Kf6 Be8
47. e4+ Kc5 48. Bf8+ Kd4 49. e5 a5 50. f4 Kc3 51. Ke7 Bc6 52. e6 Kb2 53. Kf6
Kxa2 54. Kxg6 Kxb3 55. f5 b4 56. f6 Kc4 57. f7 b3 58. Bg7 a4 59. f8=Q 1-0

[Event "11. Abierto de la Constitucion"]
[Site "S.S. de los Reyes ESP"]
[Date "2009.12.02"]
[Round "3.22"]
[White "Fernandez Gil, Ruben Carlos"]
[Black "Peñalba Blasco, Alvaro"]
[Result "1-0"]
[WhiteElo "1662"]
[BlackElo "1769"]
[PlyCount "40"]
[EventDate "2009.11.30"]
[EventType "swiss"]
[EventRounds "9"]
[EventCountry "ESP"]
[Source "lmi"]
[SourceDate "2009.11.30"]

1. d4 Nf6 2. c4 e6 3. Nc3 b6 4. e3 Ba6 5. Bd3 Bb4 6. Nge2 Bb7 7. O-O d5 8. Qa4+
Nc6 9. cxd5 Nxd5 10. Bb5 Bxc3 11. Bxc6+ Bxc6 12. Qxc6+ Ke7 13. Nxc3 Nb4 14. Qa4
a5 15. a3 Nc6 16. Qb5 Nb8 17. Qg5+ f6 18. Qxg7+ Kd6 19. d5 exd5 20. Nxd5 Nd7
1-0

[Event "11. Abierto de la Constitucion"]
[Site "S.S. de los Reyes ESP"]
[Date "2009.12.02"]
[Round "3.23"]
[White "Kalynovsky, Martin"]
[Black "Garcia Fernandez, Antolin"]
[Result "1/2-1/2"]
[WhiteElo "1601"]
[BlackElo "1747"]
[PlyCount "78"]
[EventDate "2009.11.30"]
[EventType "swiss"]
[EventRounds "9"]
[EventCountry "ESP"]
[Source "lmi"]
[SourceDate "2009.11.30"]

1. e4 c5 2. d4 cxd4 3. c3 dxc3 4. Nxc3 d6 5. Bc4 Nc6 6. Nf3 e6 7. O-O Be7 8.
Qe2 Nf6 9. Rd1 e5 10. Bg5 O-O 11. h3 a6 12. Rd2 b5 13. Bb3 Be6 14. Nd5 Bxd5 15.
Bxf6 Bxb3 16. Bxe7 Qxe7 17. axb3 Rfd8 18. Nh2 Nd4 19. Qd3 Qe6 20. Rad1 Nxb3 21.
Rc2 Nd4 22. Rc3 f6 23. Nf3 Nxf3+ 24. Qxf3 Rac8 25. Rdc1 Rxc3 26. Qxc3 d5 27.
Qc7 Qd6 28. Qb7 Rd7 29. Qc8+ Rd8 30. Qb7 Rb8 31. Rc8+ Rxc8 32. Qxc8+ Kf7 33.
exd5 Qxd5 34. Qxa6 Qd1+ 35. Kh2 Qb3 36. Qb7+ Kg6 37. Qe4+ Kf7 38. Qb7+ Kg6 39.
Qe4+ Kf7 1/2-1/2

[Event "11. Abierto de la Constitucion"]
[Site "S.S. de los Reyes ESP"]
[Date "2009.12.03"]
[Round "4.1"]
[White "Taboas Rodriguez, Daniel"]
[Black "Barria Zuñiga, Daniel"]
[Result "1/2-1/2"]
[WhiteElo "2359"]
[BlackElo "2429"]
[PlyCount "28"]
[EventDate "2009.11.30"]
[EventType "swiss"]
[EventRounds "9"]
[EventCountry "ESP"]
[Source "lmi"]
[SourceDate "2009.11.30"]

1. d4 Nf6 2. Nf3 e6 3. c4 d5 4. Bg5 h6 5. Bxf6 Qxf6 6. Nc3 Bb4 7. e3 O-O 8. Bd3
dxc4 9. Bxc4 c5 10. O-O cxd4 11. exd4 Nc6 12. Ne4 Qf4 13. Qe2 Rd8 14. Rad1 Bd7
1/2-1/2

[Event "11. Abierto de la Constitucion"]
[Site "S.S. de los Reyes ESP"]
[Date "2009.12.03"]
[Round "4.2"]
[White "Vidaurre Vargas, Luis Alberto"]
[Black "Hernando Pertierra, Jose C"]
[Result "0-1"]
[WhiteElo "1879"]
[BlackElo "2374"]
[PlyCount "84"]
[EventDate "2009.11.30"]
[EventType "swiss"]
[EventRounds "9"]
[EventCountry "ESP"]
[Source "lmi"]
[SourceDate "2009.11.30"]

1. d4 Nf6 2. c4 e6 3. Nc3 Bb4 4. Bd2 O-O 5. Nf3 b6 6. e3 Bb7 7. Bd3 Bxc3 8.
Bxc3 Ne4 9. O-O Nxc3 10. bxc3 d6 11. Re1 Nc6 12. d5 Na5 13. Nd4 e5 14. Nf3 f5
15. e4 f4 16. Nd2 Ba6 17. Qg4 Rf6 18. h4 Bc8 19. Qe2 Rg6 20. Nf3 Bg4 21. Kf1
Nb7 22. Bc2 Nc5 23. Bb3 Qe7 24. Qd2 Bxf3 25. gxf3 Qxh4 26. Ke2 Rg2 27. Rf1 g5
28. Kd1 g4 29. Qe2 g3 30. Kd2 Kh8 31. Rh1 Rh2 32. Rxh2 gxh2 33. Rh1 Qh3 34. Bd1
Rg8 35. Qe1 Qg2 36. Qe2 Qg1 37. Qf1 Nxe4+ 38. fxe4 f3 39. Ke1 Qxh1 40. Qxh1
Rg1+ 41. Kd2 Rxh1 42. Bxf3 Ra1 0-1